Rugby - Les clubs de Top 14 - Carte - Statistiques

Statistiques générales
  • Ce quiz a été pris 1 047 fois
  • Le résultat moyen est 11 sur 14
Réponses sur la Carte
Les réponses sont colorées sur une échelle allant du rouge au vert en fonction du pourcentage des utilisateurs qui les ont devinées à leur premier essai. Vous pouvez retrouver ces pourcentages ci-dessous.
 
Statistiques - réponses
Réponse % Correct
RC Vannes
88%
Stade Rochelais
86%
Union Bordeaux-Bègles
85%
Lou Rugby
83%
Racing 92
82%
USA Perpignan
82%
RC Toulon
79%
Stade Toulousain
79%
ASM Clermont
78%
Aviron Bayonnais
78%
Montpellier HR
73%
Section Paloise
61%
Stade Français
57%
Castres Olympique
53%
Aucun quiz correspondant
Distribution des résultats
% des personnes avec chaque résultat
Percentile par nombre de réponses
Votre historique - résultats
Vous n’avez pas pris ce quiz